header

Quality in student financial aid programs (Record no. 47095)

MARC details
000 -LEADER
fixed length control field 01463nam a2200313 a 4500
082 04 - DEWEY DECIMAL CLASSIFICATION NUMBER
Classification number 378.3/0973
245 00 - TITLE STATEMENT
Title Quality in student financial aid programs
260 ## - PUBLICATION, DISTRIBUTION, ETC. (IMPRINT)
Place of publication Washington, DC :
Name of publisher National Academy Press,
Year of publication 1993.
300 ## - PHYSICAL DESCRIPTION
Number of Pages 249 p. :
Other physical details ill.
650 #0 - SUBJECT ADDED ENTRY--TOPICAL TERM
Topical Term Student financial aid administration
Topical Term Student aid
700 1# - ADDED ENTRY--PERSONAL NAME
Personal name Fecso, Ron.
Personal name King, Benjamin F.
856 40 - ELECTRONIC LOCATION AND ACCESS
Uniform Resource Identifier http://site.ebrary.com/lib/rucke/Doc?id=10062702

No items available.

© 2026 Rongo University
Contact us: librarian | system librarian | Rongo university